[Event "Stay Safe Play From Home 129"]
[Site "T#645801Emanuel Laske"]
[Date "2020.05.07"]
[Round "8"]
[White "CastlingArrocco"]
[Black "Little champs"]
[Result "0-1"]
[WhiteElo "2037"]
[BlackElo "2203"]
[Annotator "NA"]
[PlyCount "130"]
[EventDate "2020.05.07"]
[EventType "swiss (blitz)"]

1. Nc3 {[%emt 0:00:01]} c6 {[%emt 0:00:01]} 2. e4 {[%emt 0:00:00]} d5 {[%emt 0:00:00]} 3. Nf3 {[%emt 0:00:01]} dxe4 {[%emt 0:00:00]} 4. Nxe4 {[%emt 0:00:00]} Nf6 {[%emt 0:00:00]} 5. Ng3 {[%emt 0:00:00]} g6 {[%emt 0:00:01]} 6. d4 {[%emt 0:00:00]} Bg7 {[%emt 0:00:00]} 7. c3 {[%emt 0:00:00]} O-O {[%emt 0:00:00]} 8. Bd3 {[%emt 0:00:00]} Bg4 {[%emt 0:00:00]} 9. Qe2 {[%emt 0:00:01]} Nbd7 {[%emt 0:00:01]} 10. h3 {[%emt 0:00:00]} Bxf3 {[%emt 0:00:01]} 11. Qxf3 {[%emt 0:00:01]} e5 {[%emt 0:00:00]} 12. O-O {[%emt 0:00:01]} exd4 {[%emt 0:00:00]} 13. cxd4 {[%emt 0:00:00]} Re8 {[%emt 0:00:01]} 14. Bg5 {[%emt 0:00:02]} Qb6 {[%emt 0:00:01]} 15. Be3 {[%emt 0:00:02]} Nd5 {[%emt 0:00:01]} 16. Bc4 {[%emt 0:00:02]} Bxd4 {[%emt 0:00:02]} 17. Bxd5 {[%emt 0:00:02]} cxd5 {[%emt 0:00:02]} 18. Rae1 {[%emt 0:00:02]} Bxe3 {[%emt 0:00:01]} 19. fxe3 {[%emt 0:00:00]} Ne5 {[%emt 0:00:03]} 20. Qf4 {[%emt 0:00:02]} Re7 {[%emt 0:00:03]} 21. Ne2 {[%emt 0:00:02]} Nd3 {[%emt 0:00:01]} 22. Qf6 {[%emt 0:00:03]} Qxf6 {[%emt 0:00:03]} 23. Rxf6 {[%emt 0:00:01]} Nxe1 {[%emt 0:00:00]} 24. Nd4 {[%emt 0:00:01]} Rae8 {[%emt 0:00:02]} 25. Rd6 {[%emt 0:00:01]} Rxe3 {[%emt 0:00:02]} 26. Kf2 {[%emt 0:00:01]} Nd3+ {[%emt 0:00:01]} 27. Kg1 {[%emt 0:00:06]} Re1+ {[%emt 0:00:01]} 28. Kh2 {[%emt 0:00:02]} Nf4 {[%emt 0:00:01]} 29. Kg3 {[%emt 0:00:01]} Ne6 {[%emt 0:00:03]} 30. Rxd5 {[%emt 0:00:01]} Nxd4 {[%emt 0:00:01]} 31. Rxd4 {[%emt 0:00:00]} R1e2 {[%emt 0:00:00]} 32. Rb4 {[%emt 0:00:01]} b6 {[%emt 0:00:01]} 33. h4 {[%emt 0:00:01]} Rc2 {[%emt 0:00:01]} 34. h5 {[%emt 0:00:01]} gxh5 {[%emt 0:00:01]} 35. Kh4 {[%emt 0:00:01]} Ree2 {[%emt 0:00:01]} 36. Kxh5 {[%emt 0:00:01]} Rxb2 {[%emt 0:00:00]} 37. Rg4+ {[%emt 0:00:02]} Kf8 {[%emt 0:00:00]} 38. Rc4 {[%emt 0:00:01]} Rxg2 {[%emt 0:00:01]} 39. Rc8+ {[%emt 0:00:01]} Ke7 {[%emt 0:00:00]} 40. Rc7+ {[%emt 0:00:00]} Kd6 {[%emt 0:00:01]} 41. Rxa7 {[%emt 0:00:00]} Rh2+ {[%emt 0:00:01]} 42. Kg5 {[%emt 0:00:01]} Rxa2 {[%emt 0:00:01]} 43. Rb7 {[%emt 0:00:02]} Rag2+ {[%emt 0:00:01]} 44. Kf6 {[%emt 0:00:00]} Kc6 {[%emt 0:00:00]} 45. Rb8 {[%emt 0:00:01]} Rf2+ {[%emt 0:00:01]} 46. Kg7 {[%emt 0:00:01]} Rhg2+ {[%emt 0:00:01]} 47. Kf8 {[%emt 0:00:00]} f5 {[%emt 0:00:01]} 48. Rc8+ {[%emt 0:00:00]} Kb7 {[%emt 0:00:01]} 49. Rc1 {[%emt 0:00:00]} f4 {[%emt 0:00:01]} 50. Rb1 {[%emt 0:00:00]} f3 {[%emt 0:00:01]} 51. Rh1 {[%emt 0:00:00]} Rh2 {[%emt 0:00:01]} 52. Rg1 {[%emt 0:00:01]} Rfg2 {[%emt 0:00:01]} 53. Rf1 {[%emt 0:00:01]} f2 {[%emt 0:00:00]} 54. Rd1 {[%emt 0:00:01]} Rg1 {[%emt 0:00:01]} 55. Rd7+ {[%emt 0:00:00]} Kc6 {[%emt 0:00:01]} 56. Ke8 {[%emt 0:00:01]} Rg8+ {[%emt 0:00:02]} 57. Kf7 {[%emt 0:00:01]} Rg7+ {[%emt 0:00:00]} 58. Ke6 {[%emt 0:00:00]} Rxd7 {[%emt 0:00:02]} 59. Ke5 {[%emt 0:00:01]} Re7+ {[%emt 0:00:00]} 60. Kf5 {[%emt 0:00:01]} Rf7+ {[%emt 0:00:01]} 61. Ke4 {[%emt 0:00:00]} f1=Q {[%emt 0:00:01]} 62. Ke3 {[%emt 0:00:00]} Qf3+ {[%emt 0:00:00]} 63. Kd4 {[%emt 0:00:01]} Rd7+ {[%emt 0:00:00]} 64. Ke5 {[%emt 0:00:00]} Qd5+ {[%emt 0:00:01]} 65. Kf6 {[%emt 0:00:00]} Rf2# {[%emt 0:00:00] (Lag: Av=0.58s, max=1.4s)} 0-1

[Event "Stay Safe Play From Home 129"]
[Site "T#645801Emanuel Laske"]
[Date "2020.05.07"]
[Round "8"]
[White "Greblha"]
[Black "Haxhi Baha"]
[Result "0-1"]
[WhiteElo "1915"]
[BlackElo "2033"]
[Annotator "NA"]
[PlyCount "58"]
[EventDate "2020.05.07"]
[EventType "swiss (blitz)"]

1. e4 {[%emt 0:00:01]} e6 {[%emt 0:00:01]} 2. Qe2 {[%emt 0:00:01]} d5 {[%emt 0:00:00]} 3. exd5 {[%emt 0:00:01]} Qxd5 {[%emt 0:00:00]} 4. Nc3 {[%emt 0:00:00]} Qd8 {[%emt 0:00:00]} 5. g3 {[%emt 0:00:00]} Nf6 {[%emt 0:00:00]} 6. Bg2 {[%emt 0:00:00]} c6 {[%emt 0:00:01]} 7. Nf3 {[%emt 0:00:01]} Nbd7 {[%emt 0:00:01]} 8. d4 {[%emt 0:00:00]} Bd6 {[%emt 0:00:01]} 9. Bf4 {[%emt 0:00:01]} Bxf4 {[%emt 0:00:02]} 10. gxf4 {[%emt 0:00:00]} Qb6 {[%emt 0:00:01]} 11. O-O-O {[%emt 0:00:02]} O-O {[%emt 0:00:01]} 12. Ne5 {[%emt 0:00:01]} Nd5 {[%emt 0:00:03]} 13. Bxd5 {[%emt 0:00:02]} cxd5 {[%emt 0:00:00]} 14. Rhg1 {[%emt 0:00:02]} Nf6 {[%emt 0:00:01]} 15. Ng4 {[%emt 0:00:02]} Nxg4 {[%emt 0:00:02]} 16. Qxg4 {[%emt 0:00:01]} g6 {[%emt 0:00:01]} 17. h4 {[%emt 0:00:01]} e5 {[%emt 0:00:01]} 18. h5 {[%emt 0:00:01]} Bxg4 {[%emt 0:00:02]} 19. Rxg4 {[%emt 0:00:02]} exd4 {[%emt 0:00:01]} 20. Rdg1 {[%emt 0:00:02]} dxc3 {[%emt 0:00:03]} 21. hxg6 {[%emt 0:00:01]} Qxb2+ {[%emt 0:00:02]} 22. Kd1 {[%emt 0:00:01]} Qb1+ {[%emt 0:00:00]} 23. Ke2 {[%emt 0:00:00]} Qxc2+ {[%emt 0:00:00]} 24. Kf3 {[%emt 0:00:00]} Qe4+ {[%emt 0:00:01]} 25. Kg3 {[%emt 0:00:01]} fxg6 {[%emt 0:00:01]} 26. f3 {[%emt 0:00:02]} Qe3 {[%emt 0:00:03]} 27. Rg5 {[%emt 0:00:02]} Rf5 {[%emt 0:00:03]} 28. Rg4 {[%emt 0:00:01]} c2 {[%emt 0:00:01]} 29. Kh4 {[%emt 0:00:03]} c1=Q {[%emt 0:00:01] Greblha gibt auf (Lag: Av=0.89s, max=3.3s)} 0-1

[Event "Stay Safe Play From Home 129"]
[Site "T#645801Emanuel Laske"]
[Date "2020.05.07"]
[Round "8"]
[White "Klausen"]
[Black "Haris kollari 13"]
[Result "1-0"]
[WhiteElo "1756"]
[BlackElo "1653"]
[Annotator "NA"]
[PlyCount "89"]
[EventDate "2020.05.07"]
[EventType "swiss (blitz)"]

1. Nf3 {[%emt 0:00:03]} e6 {[%emt 0:00:00]} 2. d4 {[%emt 0:00:01]} d5 {[%emt 0:00:00]} 3. c4 {[%emt 0:00:01]} c6 {[%emt 0:00:01]} 4. Bf4 {[%emt 0:00:02]} f5 {[%emt 0:00:01]} 5. e3 {[%emt 0:00:01]} Nf6 {[%emt 0:00:01]} 6. Nc3 {[%emt 0:00:02]} h6 {[%emt 0:00:01]} 7. Bd3 {[%emt 0:00:02]} Bd6 {[%emt 0:00:01]} 8. O-O {[%emt 0:00:03]} O-O {[%emt 0:00:04]} 9. Qc2 {[%emt 0:00:02]} Ne4 {[%emt 0:00:01]} 10. Ne5 {[%emt 0:00:02]} Bxe5 {[%emt 0:00:03]} 11. Bxe5 {[%emt 0:00:01]} Nd7 {[%emt 0:00:01]} 12. Bg3 {[%emt 0:00:01]} Ndf6 {[%emt 0:00:02]} 13. Rad1 {[%emt 0:00:03]} g5 {[%emt 0:00:02]} 14. Be5 {[%emt 0:00:01]} Nd7 {[%emt 0:00:02]} 15. Bg3 {[%emt 0:00:02]} h5 {[%emt 0:00:01]} 16. f4 {[%emt 0:00:02]} g4 {[%emt 0:00:03]} 17. Be1 {[%emt 0:00:02]} h4 {[%emt 0:00:01]} 18. Bxe4 {[%emt 0:00:01]} dxe4 {[%emt 0:00:01]} 19. Qf2 {[%emt 0:00:02]} h3 {[%emt 0:00:04]} 20. gxh3 {[%emt 0:00:01]} gxh3 {[%emt 0:00:02]} 21. Kh1 {[%emt 0:00:01]} Kf7 {[%emt 0:00:01]} 22. Rg1 {[%emt 0:00:01]} Nb6 {[%emt 0:00:04]} 23. c5 {[%emt 0:00:02]} Nc4 {[%emt 0:00:05]} 24. Qg3 {[%emt 0:00:02]} Rg8 {[%emt 0:00:04]} 25. Qxh3 {[%emt 0:00:01]} Rxg1+ {[%emt 0:00:02]} 26. Kxg1 {[%emt 0:00:01]} Qg8+ {[%emt 0:00:01]} 27. Kh1 {[%emt 0:00:01]} Bd7 {[%emt 0:00:00]} 28. Qh5+ {[%emt 0:00:01]} Qg6 {[%emt 0:00:01]} 29. Qxg6+ {[%emt 0:00:01]} Kxg6 {[%emt 0:00:01]} 30. Bf2 {[%emt 0:00:01]} Rg8 {[%emt 0:00:02]} 31. Rg1+ {[%emt 0:00:01]} Kf7 {[%emt 0:00:01]} 32. Rxg8 {[%emt 0:00:01]} Kxg8 {[%emt 0:00:00]} 33. b3 {[%emt 0:00:00]} Nb2 {[%emt 0:00:01]} 34. Ne2 {[%emt 0:00:01]} Nd3 {[%emt 0:00:01]} 35. Bg3 {[%emt 0:00:02]} Be8 {[%emt 0:00:01]} 36. Kg2 {[%emt 0:00:00]} Bh5 {[%emt 0:00:01]} 37. Kg1 {[%emt 0:00:00]} Bxe2 {[%emt 0:00:01]} 38. h3 {[%emt 0:00:00]} Bf3 {[%emt 0:00:00]} 39. Bf2 {[%emt 0:00:00]} Kg7 {[%emt 0:00:00]} 40. Bh4 {[%emt 0:00:01]} Nc1 {[%emt 0:00:00]} 41. Bf6+ {[%emt 0:00:01]} Kxf6 {[%emt 0:00:02]} 42. h4 {[%emt 0:00:00]} Nxa2 {[%emt 0:00:00]} 43. h5 {[%emt 0:00:00]} Bxh5 {[%emt 0:00:01]} 44. Kf2 {[%emt 0:00:02]} Nc1 {[%emt 0:00:00] '} 45. Kg3 {[%emt 0:00:00] (Lag: Av=0.43s, max=1.6s)} 1-0

[Event "Stay Safe Play From Home 129"]
[Site "T#645801Emanuel Laske"]
[Date "2020.05.07"]
[Round "8"]
[White "matanant"]
[Black "Indianquant"]
[Result "0-1"]
[WhiteElo "1664"]
[BlackElo "2323"]
[Annotator "TA"]
[PlyCount "48"]
[EventDate "2020.05.07"]
[EventType "swiss (blitz)"]

{[%evp 9,48,-11,-7,-30,-19,-16,-18,-21,-17,-17,-6,-37,-14,-27,-12,-52,-51,-44,-58,-45,-39,-45,-43,-43,-30,-63,-50,-62,-58,-59,-7,-50,-33,-38,10,8,311,267,265,263,263]} 1. b3 c5 2. Bb2 Nc6 3. e3 Nf6 4. f4 g6 5. Nf3 Bg7 6. Be2 {A02: Bird's Opening.} O-O 7. O-O b6 8. c4 {The position is equal.} Bb7 9. d4 cxd4 {[#]} 10. exd4 $146 ({Predecessor:} 10. Nxd4 d5 11. cxd5 Nxd4 12. Bxd4 Nxd5 13. Bxg7 Kxg7 14. Qd4+ Nf6 15. Qb2 Qd6 16. Nd2 {0-1 (57) Wuttke,J (2083)-Rosenzweig,P (2260) GER email 2003}) 10... d5 11. Ne5 Rc8 12. Nd2 {[%cal Bb1d2,Bd2c4,Bc4e5][%mdl 32]} dxc4 13. Nxc6 Bxc6 14. Nxc4 Ne4 15. Bf3 Bd5 16. Ne5 Nc3 17. Qd3 Bxf3 18. Rxf3 Nd5 19. f5 {[%cal Rf5g6]} Qd6 (19... Nb4 $15 20. Qd2 Bxe5 21. Qxb4 Bf6 22. fxg6 hxg6) 20. Re1 Nb4 21. Qe4 Nc2 22. Ref1 {[#] aiming for fxg6.} f6 $2 {[%mdl 8192]} (22... Bxe5 $11 23. dxe5 (23. Qxe5 Qxe5 24. dxe5 e6 $14) 23... Qb4 24. Qxb4 Nxb4) 23. fxg6 fxe5 24. gxh7+ Kh8 {[%mdl 32768] Accuracy: White = 77%, Black = 69%. . Sensor Board Error (Ke4/e5)?} 0-1

[Event "Stay Safe Play From Home 129"]
[Site "T#645801Emanuel Laske"]
[Date "2020.05.07"]
[Round "9"]
[White "Lamborghini"]
[Black "Little champs"]
[Result "1-0"]
[WhiteElo "2325"]
[BlackElo "2212"]
[Annotator "NA RC"]
[PlyCount "143"]
[EventDate "2020.05.07"]
[EventType "swiss (blitz)"]

1. e4 {[%emt 0:00:02]} c6 {[%emt 0:00:01]} 2. d4 {[%emt 0:00:01]} d5 {[%emt 0:00:01]} 3. Nc3 {[%emt 0:00:00]} dxe4 {[%emt 0:00:00]} 4. Nxe4 {[%emt 0:00:00]} Nf6 {[%emt 0:00:00]} 5. Nxf6+ {[%emt 0:00:01]} gxf6 {[%emt 0:00:01]} 6. c3 {[%emt 0:00:02]} Bg7 {[%emt 0:00:00]} 7. Bc4 {[%emt 0:00:02]} O-O {[%emt 0:00:01]} 8. h3 {[%emt 0:00:02]} e5 {[%emt 0:00:01]} 9. Nf3 {[%emt 0:00:01]} exd4 {[%emt 0:00:01]} 10. Nxd4 {[%emt 0:00:01]} Re8+ {[%emt 0:00:01]} 11. Be2 {[%emt 0:00:01]} c5 {[%emt 0:00:01]} 12. Nf3 {[%emt 0:00:02]} Qxd1+ {[%emt 0:00:01]} 13. Kxd1 {[%emt 0:00:00]} Nc6 {[%emt 0:00:01]} 14. Be3 {[%emt 0:00:01]} Ne5 {[%emt 0:00:00]} 15. Ke1 {[%emt 0:00:03]} Nxf3+ {[%emt 0:00:01]} 16. Bxf3 {[%emt 0:00:01]} f5 {[%emt 0:00:02]} 17. g3 {[%emt 0:00:02]} Bf8 {[%emt 0:00:02]} 18. Kf1 {[%emt 0:00:01]} Bd7 {[%emt 0:00:02]} 19. Kg2 {[%emt 0:00:04]} Bc6 {[%emt 0:00:01]} 20. Bxc6 {[%emt 0:00:02]} bxc6 {[%emt 0:00:00]} 21. c4 {[%emt 0:00:01]} Rad8 {[%emt 0:00:01]} 22. Rhd1 {[%emt 0:00:02]} f6 {[%emt 0:00:01]} 23. Rxd8 {[%emt 0:00:02]} Rxd8 {[%emt 0:00:01]} 24. Kf3 {[%emt 0:00:00]} Kf7 {[%emt 0:00:01]} 25. Ke2 {[%emt 0:00:01]} Rb8 {[%emt 0:00:03]} 26. b3 {[%emt 0:00:02]} Bd6 {[%emt 0:00:02]} 27. Rd1 {[%emt 0:00:01]} Ke6 {[%emt 0:00:00]} 28. Bd2 {[%emt 0:00:03]} Re8 {[%emt 0:00:02]} 29. Bc3 {[%emt 0:00:01]} Kd7+ {[%emt 0:00:01]} 30. Kf3 {[%emt 0:00:01]} Re6 {[%emt 0:00:01]} 31. Bd2 {[%emt 0:00:01]} Ke7 {[%emt 0:00:01]} 32. Be3 {[%emt 0:00:01]} Kf7 {[%emt 0:00:01]} 33. Rd2 {[%emt 0:00:01]} Ke7 {[%emt 0:00:01]} 34. Bf4 {[%emt 0:00:01]} Bxf4 {[%emt 0:00:01]} 35. Kxf4 {[%emt 0:00:00]} Re5 {[%emt 0:00:01]} 36. f3 {[%emt 0:00:01]} Ke6 {[%emt 0:00:01]} 37. Rd3 {[%emt 0:00:01]} Re1 {[%emt 0:00:01]} 38. Re3+ {[%emt 0:00:01]} Rxe3 {[%emt 0:00:01]} 39. Kxe3 {[%emt 0:00:00]} h5 {[%emt 0:00:01]} 40. Kf4 {[%emt 0:00:01]} a5 {[%emt 0:00:01]} 41. a4 {[%emt 0:00:01]} Kf7 {[%emt 0:00:03]} 42. Kxf5 {[%emt 0:00:01]} Ke7 {[%emt 0:00:00]} 43. g4 {[%emt 0:00:01]} hxg4 {[%emt 0:00:01]} 44. fxg4 {[%emt 0:00:01]} Kf7 {[%emt 0:00:00]} 45. h4 {[%emt 0:00:00]} Kg7 {[%emt 0:00:00]} 46. g5 {[%emt 0:00:00]} fxg5 {[%emt 0:00:01]} 47. hxg5 {[%emt 0:00:00]} Kf7 {[%emt 0:00:00]} 48. g6+ {[%emt 0:00:01]} Kg8 {[%emt 0:00:02]} 49. Ke6 {[%emt 0:00:01]} Kg7 {[%emt 0:00:01]} 50. Kd6 {[%emt 0:00:00]} Kxg6 {[%emt 0:00:00]} 51. Kxc6 {[%emt 0:00:00]} Kf5 {[%emt 0:00:00]} 52. Kxc5 {[%emt 0:00:00]} Ke4 {[%emt 0:00:00]} 53. Kb5 {[%emt 0:00:00]} Kd3 {[%emt 0:00:00]} 54. Kxa5 {[%emt 0:00:00]} Kc3 {[%emt 0:00:00]} 55. Kb6 {[%emt 0:00:00]} Kxb3 {[%emt 0:00:00]} 56. c5 {[%emt 0:00:00]} Kxa4 {[%emt 0:00:00]} 57. c6 {[%emt 0:00:00]} Kb4 {[%emt 0:00:00]} 58. c7 {[%emt 0:00:00]} Kc4 {[%emt 0:00:00]} 59. c8=Q+ {[%emt 0:00:00]} Kd4 {[%emt 0:00:00]} 60. Qc5+ {[%emt 0:00:00]} Kd3 {[%emt 0:00:00]} 61. Qc1 {[%emt 0:00:01]} Ke4 {[%emt 0:00:00]} 62. Kc6 {[%emt 0:00:00]} Ke5 {[%emt 0:00:01]} 63. Kc5 {[%emt 0:00:00]} Ke4 {[%emt 0:00:00]} 64. Qe1+ {[%emt 0:00:00]} Kf5 {[%emt 0:00:01]} 65. Qe3 {[%emt 0:00:01]} Kf6 {[%emt 0:00:00]} 66. Kd6 {[%emt 0:00:00]} Kf5 {[%emt 0:00:00]} 67. Qf3+ {[%emt 0:00:00]} Kg5 {[%emt 0:00:01]} 68. Ke5 {[%emt 0:00:00]} Kg6 {[%emt 0:00:00]} 69. Qf8 {[%emt 0:00:01]} Kg5 {[%emt 0:00:00]} 70. Qg7+ {[%emt 0:00:01]} Kh4 {[%emt 0:00:00]} 71. Kf4 {[%emt 0:00:00]} Kh5 {[%emt 0:00:01]} 72. Qg5# {[%emt 0:00:01] (Lag: Av=0.60s, max=1.7s)} 1-0

[Event "Stay Safe Play From Home 129"]
[Site "T#645801Emanuel Laske"]
[Date "2020.05.07"]
[Round "9"]
[White "Indianquant"]
[Black "Onlyforchess"]
[Result "0-1"]
[WhiteElo "2324"]
[BlackElo "2499"]
[Annotator "TA"]
[PlyCount "64"]
[EventDate "2020.05.07"]
[EventType "swiss (blitz)"]

{[%evp 9,64,62,78,43,38,43,39,52,58,31,28,37,62,32,27,33,100,8,4,12,78,55,56,58,51,64,72,74,86,70,67,44,47,35,39,0,41,41,156,25,108,69,103,92,141,-729,-723,-712,-683,-664,-472,-1112,-449,-5281,-4804,-29992,-29993]} 1. Nf3 c5 2. c4 Nc6 3. Nc3 e5 4. e3 d6 5. d4 Nf6 6. Be2 {A35: Symmetrical English: 2 Nc3 Nc6 3 Nf3.} cxd4 7. exd4 Be7 8. O-O {White is slightly better.} O-O 9. b3 {[#]} Bg4 $146 ({Predecessor:} 9... e4 10. Ne1 Bf5 11. Nc2 Bg6 12. Bb2 Rc8 13. Ne3 Nd7 14. f3 Bg5 15. f4 Bf6 {1-0 (31) Ruck,R (2541)-Saveliev,A (2279) Tallinn 2019}) 10. Be3 Nd7 11. h3 Bxf3 12. Bxf3 Nb6 ({Black should try} 12... exd4 $14 13. Bxd4 Nxd4 14. Qxd4 Bf6) 13. Nd5 (13. dxe5 $16 dxe5 14. Qxd8 Raxd8 15. Nb5) 13... Nxd5 $11 14. Bxd5 Nxd4 (14... exd4 $11 15. Bf4 (15. Bxd4 Nxd4 16. Qxd4 Bf6 $17) 15... Bf6) 15. Bxd4 (15. Bxb7 {feels hotter.} Rb8 16. Bd5 Qa5 17. Qd3 Bf6 18. Bd2) 15... exd4 16. Bxb7 Rb8 17. Bd5 Bf6 18. Qd2 $36 {[%mdl 2048] White is in control.} Kh8 19. Rae1 Qb6 20. Re4 a5 21. Rfe1 Be5 22. f4 Bf6 (22... f5 $5 {[%cal Rf5e4]} 23. Rxe5 dxe5 24. fxe5 a4 $11) 23. g4 {Threatens to win with g5.} a4 (23... Bh4 $14) 24. bxa4 (24. g5 $16 d3+ 25. Kg2) 24... g6 (24... Qa7 $11) 25. a5 $16 Qc5 {[#]} 26. a6 $1 d3+ 27. Kg2 $2 {[%mdl 8192] [#] Loses the game.} (27. Kh1 $16) 27... Rb2 $1 $19 {[%mdl 512]} 28. Qxb2 Bxb2 29. Re8 Rxe8 30. Rxe8+ Kg7 31. a7 (31. Re7 $142 Qxd5+ 32. cxd5) 31... Qxa7 32. Re7 Qxe7 {Accuracy: White = 50%, Black = 55%.} 0-1

[Event "Stay Safe Play From Home 129"]
[Site "T#645801Emanuel Laske"]
[Date "2020.05.07"]
[Round "9"]
[White "Chessencounter"]
[Black "Greblha"]
[Result "0-1"]
[WhiteElo "2139"]
[BlackElo "1904"]
[Annotator "NA"]
[PlyCount "84"]
[EventDate "2020.05.07"]
[EventType "swiss (blitz)"]

1. g3 {[%emt 0:00:01]} c6 {[%emt 0:00:00]} 2. Bg2 {[%emt 0:00:00]} d5 {[%emt 0:00:00]} 3. Nf3 {[%emt 0:00:00]} Nf6 {[%emt 0:00:00]} 4. O-O {[%emt 0:00:01]} g6 {[%emt 0:00:00]} 5. d4 {[%emt 0:00:01]} Bg7 {[%emt 0:00:00]} 6. c4 {[%emt 0:00:01]} O-O {[%emt 0:00:00]} 7. Nc3 {[%emt 0:00:01]} dxc4 {[%emt 0:00:01]} 8. Ne5 {[%emt 0:00:01]} Nbd7 {[%emt 0:00:02]} 9. Nxc4 {[%emt 0:00:01]} Nb6 {[%emt 0:00:01]} 10. Ne3 {[%emt 0:00:02]} Ng4 {[%emt 0:00:03]} 11. h3 {[%emt 0:00:02]} Nxe3 {[%emt 0:00:01]} 12. Bxe3 {[%emt 0:00:00]} Be6 {[%emt 0:00:01]} 13. b3 {[%emt 0:00:02]} Nd5 {[%emt 0:00:01]} 14. Nxd5 {[%emt 0:00:01]} Bxd5 {[%emt 0:00:01]} 15. Qd3 {[%emt 0:00:00]} Bxg2 {[%emt 0:00:01]} 16. Kxg2 {[%emt 0:00:00]} Qd5+ {[%emt 0:00:01]} 17. f3 {[%emt 0:00:01]} Rfd8 {[%emt 0:00:00]} 18. Rfd1 {[%emt 0:00:02]} Qf5 {[%emt 0:00:01]} 19. Qxf5 {[%emt 0:00:02]} gxf5 {[%emt 0:00:01]} 20. Rac1 {[%emt 0:00:00]} e6 {[%emt 0:00:01]} 21. Bg5 {[%emt 0:00:01]} Rd7 {[%emt 0:00:01]} 22. e3 {[%emt 0:00:01]} f6 {[%emt 0:00:01]} 23. Bf4 {[%emt 0:00:01]} Kf7 {[%emt 0:00:00]} 24. g4 {[%emt 0:00:00]} fxg4 {[%emt 0:00:03]} 25. hxg4 {[%emt 0:00:01]} Rad8 {[%emt 0:00:00]} 26. Rh1 {[%emt 0:00:00]} Kg8 {[%emt 0:00:04]} 27. Rc5 {[%emt 0:00:01]} Rd5 {[%emt 0:00:03]} 28. Rc4 {[%emt 0:00:02]} e5 {[%emt 0:00:01]} 29. dxe5 {[%emt 0:00:01]} fxe5 {[%emt 0:00:01]} 30. Bg5 {[%emt 0:00:00]} Rd2+ {[%emt 0:00:01]} 31. Kg3 {[%emt 0:00:01]} R8d3 {[%emt 0:00:01]} 32. Re4 {[%emt 0:00:02]} Rxa2 {[%emt 0:00:02]} 33. Bh6 {[%emt 0:00:01]} Bh8 {[%emt 0:00:02]} 34. Bg5 {[%emt 0:00:01]} Rdd2 {[%emt 0:00:01]} 35. f4 {[%emt 0:00:03]} Rg2+ {[%emt 0:00:02]} 36. Kh3 {[%emt 0:00:01]} Rae2 {[%emt 0:00:04]} 37. f5 {[%emt 0:00:01]} Kf7 {[%emt 0:00:02]} 38. Bd8 {[%emt 0:00:02]} Bf6 {[%emt 0:00:01]} 39. Bxf6 {[%emt 0:00:02]} Kxf6 {[%emt 0:00:01]} 40. Ra4 {[%emt 0:00:02]} Kg5 {[%emt 0:00:01]} 41. Rxa7 {[%emt 0:00:01]} Rgf2 {[%emt 0:00:02]} 42. Rxb7 {[%emt 0:00:01]} Rxe3# {[%emt 0:00:01] (Lag: Av=0.75s, max=1.1s)} 0-1

[Event "Stay Safe Play From Home 129"]
[Site "T#645801Emanuel Laske"]
[Date "2020.05.07"]
[Round "9"]
[White "Haxhi Baha"]
[Black "Mepe_Nika"]
[Result "0-1"]
[WhiteElo "2045"]
[BlackElo "2326"]
[Annotator "TA"]
[PlyCount "82"]
[EventDate "2020.05.07"]
[EventType "swiss (blitz)"]

{[%evp 9,82,12,33,29,33,30,22,28,28,29,34,7,15,-108,-10,-10,-26,-56,-26,-56,-16,-75,-19,-64,-34,-14,42,42,43,-118,-109,-151,-92,-96,-68,-136,-84,-114,498,485,523,512,663,477,743,726,729,733,758,752,809,694,915,911,878,875,1014,0,869,622,1627,1536,1450,1343,2136,2073,1970,802,29987,769,29987,29988,29988,29989,29989]} 1. e4 e5 2. Nf3 Nc6 3. Bc4 Nf6 4. d3 Bc5 5. c3 a5 6. Bg5 {C54: Giuoco Piano: 4 c3 Nf6, main lines with 5 d4 and 5 d3.} h6 7. Bh4 g5 8. Bg3 $1 {The position is equal.} d6 9. Nbd2 {[#]} Be6 $146 ({Predecessor:} 9... Qe7 10. a4 Be6 11. Qb3 Bxc4 12. Nxc4 h5 13. h4 g4 14. Nfd2 Kd7 15. Qb5 Rhb8 16. Nb3 {1-0 (39) Hadzovic,A (2189)-Cosovic,A (1990) Sarajevo 2012}) 10. Bxe6 fxe6 11. c4 (11. O-O $11) 11... Nd4 (11... Nh5 $17 12. O-O Nxg3 13. hxg3 g4) 12. Nxd4 $11 Bxd4 13. Rb1 Qd7 14. O-O O-O $36 {[%mdl 2048] Black has some pressure.} 15. h4 (15. Kh1 $11 {keeps the balance.}) 15... g4 (15... Qg7 $17) 16. Kh2 Qg7 17. Nb3 Rf7 (17... Nd7 $11) 18. Nxd4 $14 exd4 19. f4 $2 (19. e5 $14 {stays ahead.} dxe5 20. Bxe5) 19... gxf3 $1 $17 20. Rxf3 {[#]} Ng4+ ({Black should try} 20... Raf8 $1 21. Qe2 Ng4+ 22. Kh1 Ne3) 21. Kh3 {Strongly threatening Rxf7.} Ne3 22. Qe2 (22. Rxf7 $15 Kxf7 23. Qf3+ Kg8 24. Bf2) 22... Qg4+ 23. Kh2 {And now Rxe3 would win.} Raf8 $2 {[%mdl 8192]} (23... h5 $17 {and life is bright.} 24. e5 d5 25. cxd5 Nxd5) 24. Rxe3 $1 $18 {[%mdl 64] Discovered Attack} Qg6 25. Rf3 Qh5 26. Rf2 Qg6 (26... Qxe2 $142 27. Rxe2 e5) 27. Rxf7 Rxf7 28. Rf1 Rg7 29. Rf3 Kh7 30. Bf4 e5 31. Bd2 Qg4 32. Qf2 Qh5 33. Kh3 $2 (33. Rf6 $18) 33... Qg6 $2 {[%mdl 8192]} (33... Qg4+ $11 34. Kh2 a4) 34. Rg3 Qf7 35. Rxg7+ Qxg7 36. Qf5+ Qg6 37. g4 Kg7 38. h5 Qf7 {[#]} 39. g5 (39. Bxh6+ $142 $1 Kg8 (39... Kxh6 40. Qxf7) 40. g5 Qxf5+ 41. exf5 Kf7 42. g6+ Kf6 43. Kg4 Ke7 44. Bg5+ Kd7 45. f6) 39... Kf8 40. g6 {[%csl Gg6][%cal Rf5f7]} Qxf5+ 41. exf5 Kg7 {[%mdl 32768] Accuracy: White = 48%, Black = 21%. . Sensor Board Error (Ke4/e5)?} 0-1